Countries with Over 100K Mormons (Sudden Death) - Statistics

General Stats
  • This quiz has been taken 53 times
  • The average score is 7 of 19
Answers on the Grid
Answers color-coded by a green-red scale on the quiz's grid according to % correct below.
Mexico
Brazil
Phillipines
Costa Rica
Peru
USA
Haiti
Chile
Thailand
South Korea
Guatemala
Argentina
Panama
South Africa
Ecuador
Kenya
Canada
Nigeria
Taiwan
Japan
Paraguay
Honduras
India
Madagascar
United Kingdom
Ireland
Ivory Coast
DR Congo
Zimababwe
Sweden
Bolivia
Dominican Republic
Spain
Ghana
Sierra Leone
 
Answer Stats
Answer % Correct
USA
92%
Mexico
84%
Brazil
80%
Canada
60%
Phillipines
56%
Argentina
44%
United Kingdom
40%
Chile
32%
Japan
28%
Peru
28%
Dominican Republic
20%
Ecuador
20%
Ghana
20%
Nigeria
20%
Paraguay
16%
Bolivia
12%
DR Congo
12%
Guatemala
12%
Honduras
12%
No matching quizzes found
Score Distribution
Percent of People with Each Score
Percentile by Number Answered
Your Score History
You have not taken this quiz